Statistiques concernant Kung fu panda : Personnages

Cliquez ici pour prendre le quiz!

Statistiques générales

  • Ce quiz a été pris 90 fois
  • Le résultat moyen est 9 sur 18

Statistiques - réponses

HintRéponse% Correct
Héro des filmsPo
100%
Cinq cyclonesTigresse
92%
Cinq cyclonesSinge
89%
Maître du héroShifu
79%
Cinq cyclonesMante
78%
Cinq cyclonesGrue
75%
Félin très en colèreTai lung
74%
Cinq cyclonesVipère
74%
Veut le chi de tous les maitresKai
60%
Personnage plein de sagesseOogway
55%
A fait un génocideShen
44%
Maitre allié lors du combat final de kung fu panda 2Maitre croc
26%
Père 2 du héroLi shan
11%
Antagoniste Kung fu Panda 4La Chameleon
7%
Maitre mort au début de kung fu panda 2Maitre Rhino foudroyant
7%
Père 1 du héroMr.Ping
7%
Maitre allié lors du combat final de kung fu panda 2Maitre boeuf ravageur
5%
Maitre le plus puissante de tous les temps dans kung fu panda 3Maitre poulet
4%

Distribution des résultats

Percentile par nombre de réponses

% des personnes avec chaque résultat

Votre développement - résultats

Vous n’avez pas pris ce quiz